000 01029nam a2200289Ia 4500
003 OSt
005 20221005110850.0
006 a|||||r|||| 00| 0
007 ta
008 221004b |||||||| |||| 00| 0 hin d
020 _a9788126703623 (hbk)
_c300
024 _a13592
037 _bBR8177, 20/03/2014, Rajkamal Prakashan Pvt. Ltd.
_cTextual
040 _aCRL
_cCRL
_bhin
041 _2hin
_ahin
082 _aO157,3N12,MA, 152L4;Q1
100 _aमित्र, विमल
245 0 _aमैं
246 _aMaian
250 _a3 संस्करण
260 _aनई दिल्ली
_bराजकमल प्रकाशन भारत
_c2011
300 _a262पृ0
_ccm.
490 _aश्रेष्ठ भारतीय उपन्यास
650 _aहिन्दी साहित्य
942 _hO157,3N12,MA, 152L4;Q1
_cTEXL
_2cc
999 _c1020118
_d1020118